000 00650cam a22002293a 4500
001 18707
003 PGUSA
005 20140828083410.0
008 060628s2006||||xxu|||||s|||||000 | eng d
040 _aPGUSA
_beng
042 _adc
050 4 _aPR
100 1 _aWard, Maisie,
_d1889-1975
245 1 0 _aGilbert Keith Chesterton
_h[electronic resource] /
_cMaisie Ward
260 _bProject Gutenberg,
_c2006
506 _aPublic domain in the USA.
516 _aElectronic text
653 _aChesterton, G. K. (Gilbert Keith), 1874-1936
830 0 _aProject Gutenberg
_v18707
856 4 0 _uhttp://www.gutenberg.org/ebooks/18707
942 _cEB
999 _c247962
_d247962